Logo des chaînes de la TNT française - Statistiques

Statistiques générales
  • Ce quiz a été pris 110 fois
  • Le résultat moyen est 22 sur 26
Statistiques - réponses
Par images Hint Réponse % Correct
Canal 7 Arte
100%
Canal 13 BFM TV
100%
Canal 2 France 2
100%
Canal 3 France 3
100%
Canal 4 France 4
100%
Canal 5 France 5
100%
Canal 12 Gulli
100%
Canal 6 M6
100%
Canal 1 TF1
100%
Canal 11 TFX
100%
Canal 15 LCI
99%
Canal 10 TMC
99%
Canal 9 W9
99%
Canal 22 6ter
97%
Canal 23 RMC Story
97%
Canal 21 La chaîne L'Équipe
96%
Canal 8 LCP/Public Sénat
92%
Canal 24 RMC Découverte
89%
Canal 14 CNews
76%
Canal 26 Paris Première
74%
Canal 17 Cstar
68%
Canal 16 franceinfo
67%
Canal 19 NOVO 19
41%
Canal 20 TF1 Séries Films
39%
Canal 18 T18
36%
Canal 25 RMC Life
27%
Aucun quiz correspondant
Distribution des résultats
% des personnes avec chaque résultat
Percentile par nombre de réponses
Votre historique - résultats
Vous n’avez pas pris ce quiz